Cryptography and Its Applications in Information Security (Record no. 31977)

MARC details
000 -LEADER
fixed length control field 01002nam a2200133Ia 4500
008 - FIXED-LENGTH DATA ELEMENTS--GENERAL INFORMATION
fixed length control field 220620s9999||||xx |||||||||||||| ||und||
020 ## - INTERNATIONAL STANDARD BOOK NUMBER
International Standard Book Number 9783040000000
245 #0 - TITLE STATEMENT
Title Cryptography and Its Applications in Information Security
546 ## - LANGUAGE NOTE
Language note English[eng]
650 ## - SUBJECT ADDED ENTRY--TOPICAL TERM
Topical term or geographic name entry element bit independence criterion||bit independence||RC4||stream cipher||complexity||chaos-based stream cipher||SPCNG||3D chebyshev||logistic||skew-tent||FPGA||performance||museum||digital copyright management||blockchain||smart contract||authorization model||coupled map lattice||intermittent jumping||multi-chaos||public key exchange||security||asymmetric||asymmetric algorithm||cryptography||framework||limited computational power||computationally biased||intrusion detection systems||machine learning||communication||digital cash||privacy||privacy preserving||homomorphic encryption||federated learning||n/a
700 ## - ADDED ENTRY--PERSONAL NAME
Personal name Assad, Safwan El||Lozi, René||Puech, William
856 ## - ELECTRONIC LOCATION AND ACCESS
Uniform Resource Identifier <a href="https://mdpi.com/books/pdfview/book/5350">https://mdpi.com/books/pdfview/book/5350</a>
942 ## - ADDED ENTRY ELEMENTS (KOHA)
Koha item type E-Books
Holdings
Withdrawn status Lost status Damaged status Not for loan Home library Current library Date acquired Total Checkouts Date last seen Price effective from Koha item type
        Kerala University of Digital Sciences, Innovation and Technology Knowledge Centre Kerala University of Digital Sciences, Innovation and Technology Knowledge Centre 20/06/2022   20/06/2022 20/06/2022 E-Books